000 00557nam a2200145Ia 4500
008 151213s9999 xx 000 0 und d
100 _aড: খন্দ. রিয়াজুল হক।
245 _aমরমী কবি সাবির আহমেদ চেীধুরী।
_cড: খন্দ. রিয়াজুল হক।
260 _aঢাকা
_bমো: আসাদ।
_c1993
300 _a8636 p.
650 _aBangla
650 _aকবিতা
700 _aড: খন্দ. রিয়াজুল হক।
999 _c4423
_d4423